| 000 | 01131nam2a2200337 4500 | ||
|---|---|---|---|
| 001 | RU\NLR\bibl\402581 | ||
| 005 | 20250622164541.0 | ||
| 010 |
_a5-09-012074-7 _9100000 |
||
| 021 |
_aRU _b2003-14966 _9701 |
||
| 021 |
_aRU _b2003-29564 _91392 |
||
| 035 | _a(NLR Aleph) 000396730 | ||
| 090 |
_a549619 _c549619 |
||
| 100 | _a20030523d2003 |||y0rusy50 ca | ||
| 101 | 0 | _arus | |
| 102 | _aRU | ||
| 105 | _aa ||||||||| | ||
| 200 | 0 | _aЧ. 1 | |
| 210 |
_d2003 _aБ. м. |
||
| 215 |
_a143 с. _cил. |
||
| 461 | 0 |
_1001RU\NLR\bibl\410030 _12001#$aМир вокруг нас$vЧ. 1 _9593693 _aПлешаков, А. А. (1958 -) _cМ. _d2003 _e4-е изд. _fА.А. Плешаков _nПросвещение _oУчеб. для 2 кл. нач. шк. : В 2 ч. _tМир вокруг нас _y5-09-012076-5 _vЧ. 1 |
|
| 610 | 0 | _a<Мир вокруг тебя> | |
| 675 |
_a373.167.1:502 _v3 _zrus |
||
| 675 |
_a502(075.2) _v3 _zrus |
||
| 686 |
_a14.25 _2rugasnti |
||
| 686 |
_a20.1я71 _2rubbk |
||
| 801 | 0 |
_aRU _bRKP _c20030523 _gPSBO |
|
| 801 | 1 |
_aRU _bRKP _c20030523 |
|
| 801 | 2 |
_aRU _bNLR _c20030619 _grcr |
|
| 942 | _cBOOK | ||
| 980 | _aNB | ||